Expressions lyonnaises - Statistiques

Statistiques générales
  • Ce quiz a été pris 567 fois
  • Le résultat moyen est 13 sur 15
Statistiques - réponses
Question Réponse % Correct
Qu'est-ce qu' "une vago" ? une voiture
98%
Qu'est-ce qu' "un pélo" ? un mec
98%
Qu'est-ce qu' "un trépané" ? un fou
94%
Que veut dire "être refait" ? être content
93%
Que veut dire "être fané" ? être dégouté/soulé
93%
Que veut dire "rouiller" ? s'ennuyer
92%
Que veut dire "cher" ? très/trop
90%
Qu'est-ce qu' "un gone" ? un enfant
90%
Que veut dire "chougner" ? pleurer
89%
Qu'est-ce qu' "une vogue" ? une fête forraine
87%
Que veut dire "chaber" ? regarder
86%
Qu'est-ce qu' "une gâche" ? une place
84%
Qu'est-ce qu' "un bambane" ? un paresseux
80%
Qu'est-ce qu' "un ganais" ? un idiot
73%
Qu'est-ce qu' "une bugne" ? un beignet
60%
Aucun quiz correspondant
Distribution des résultats
% des personnes avec chaque résultat
Percentile par nombre de réponses
Votre historique - résultats
Vous n’avez pas pris ce quiz